Dancer from the dance

Uloženo v:
Podrobná bibliografie
Hlavní autor: Holleran Andrew
Médium: Kniha
Jazyk:neznámý jazyk
Vydáno: Forlì Zoe 2001
Tagy: Přidat tag
Žádné tagy, Buďte první, kdo vytvoří štítek k tomuto záznamu!

MARC

LEADER 00000nam a2200000Ia 4500
001 362
003 NUMERAZIONE-ORIGINALE-BRESCIA
005 20260206230752.0
008 260206s9999 xx 000 0 und d
100 |a Holleran Andrew 
245 0 |a Dancer from the dance 
260 |a Forlì 
260 |b Zoe 
260 |c 2001 
500 |a O corpo governato dalla musica 
942 |2 ddc  |c BK  |n 0 
952 |0 0  |1 0  |2 ddc  |4 0  |6 11  |7 0  |9 28559  |a BS  |b BS  |d 2026-02-06  |i 362-2  |l 0  |o 1-1-*  |r 2026-02-06 22:40:37  |w 2026-02-06  |x [REVISIONARE]  |y BK 
952 |0 0  |1 0  |2 ddc  |4 0  |6 11  |7 0  |9 28560  |a BS  |b BS  |d 2026-02-06  |i 362-1  |l 0  |o 1-1-*  |r 2026-02-06 22:40:37  |w 2026-02-06  |x [REVISIONARE]  |y BK 
999 |c 24225  |d 24225